00319nam a2200097Ia 4500008004100000020001800041100002200059245008800081260003300169300001900202180315s9999 xx 000 0 und d a9780071663663 aValikangas, Liisa 4aThe resilient organization :bHow adaptive cultures thrive even when strategy fails aNew York :b2010cMcGrawHill avii, 259 pages